000 01159nac a22003131u 4500
999 _c2620
_d2620
003 EG-ScBUE
005 20191214115338.0
008 190722t2006 enka f 000 0 eng d
020 _a0618445420 (student text : pbk.)
020 _a9780618445424
040 _aEG-ScBUE
_beng
_erda
_cEG-ScBUE
_dEG-ScBUE
082 0 4 _a428.0078
_bHUN
_222
100 1 _aHuntley, Helen,
_eauthor.
_935964
245 1 0 _aEssential academic vocabulary :
_bmastering the complete academic word list /
_cHelen Huntley West Virginia University.
264 1 _aBoston :
_bHoughton Mifflin Company,
_c[2006]
264 4 _cc 2006
300 _axii, 239 pages :
_billustrations ;
_c28 cm
336 _2rdacontent
_atext
_btxt
337 _2rdamedia
_aunmediated
_bn
338 _2rdacarrier
_avolume
_bnc
500 _aIncludes appendices.
590 _aamira yasser
650 7 _aEnglish language
_vTextbooks for foreign speakers.
_2BUEsh
650 7 _aTest of English as a Foreign Language
_xStudy guides.
_2BUEsh
650 7 _aVocabulary
_vProblems, exercises, etc.
_2BUEsh
653 _bHHUUEENN
_cDecember2019
655 _vReading book
942 _cBB
_k428.007H926
_2ddc